| 000 | 03550nam2a2200361 4500 | ||
|---|---|---|---|
| 001 | RU\NLR\BIBL_A\016275212 | ||
| 005 | 20260406101646.0 | ||
| 035 | _a(NLR Aleph) 016275212 | ||
| 090 |
_a12899091 _c12899091 |
||
| 100 | _a20230201d1903 |||y0rusy50 ca | ||
| 101 | 0 | _arus | |
| 102 | _aRU | ||
| 105 | _aadb g 000 y | ||
| 200 | 1 |
_aАнглийский канал _fиздание Главного Гидрографического Управления М.М. _g[составители: Барон Ф.Ф. Врангель и Лейтенанты: В.Я. Ивановский и Д.С. Свербеев, при содействии М.А. Клыкова] |
|
| 210 |
_aС.-Петербург _cТоварищество Р. Голике и А. Вильборг _d1903 |
||
| 215 |
_aVII, 296 с., 21 л. ил., карт. _cил. _d23 |
||
| 300 | _aСоставители указаны в Предисловии | ||
| 311 | _aДополнения и поправки к 4-му выпуску Руководства для плавания из Кронштадта во Владивосток и обратно, издания 1903 года. Английский канал / издано Главным Гидрографическим Управлением Морского Министерства. - 1904-1918 (шифры: 20.48.5.4 (4, доп. 1-8); МБР-I-10162 (4, доп. 9)) | ||
| 320 | _aАлфавитный указатель: с. 289-296 | ||
| 421 | 0 |
_12001#$aДополнения и поправки к 4-му выпуску Руководства для плавания из Кронштадта во Владивосток и обратно, издания 1903 года. Английский канал$fиздано Главным Гидрографическим Управлением Морского Министерства _1210##$aС.-Петербург$cТипография Морского Министерства, в Главном Адмиралтействе$d1904-1918 _1215##$a9 т.$d23 _1700#1 _tДополнения и поправки к 4-му выпуску Руководства для плавания из Кронштадта во Владивосток и обратно, издания 1903 года. Английский канал _a |
|
| 461 | 0 |
_1001RU\NLR\BIBL_A\016273971 _12001#$aРуководство для плавания из Кронштадта во Владивосток и обратно$vВып. 4 _912895436 _cС.-Петербург _d1899 _fиздание Главного Гидрографического Управления _nТипо-Литография Р. Голике _tРуководство для плавания из Кронштадта во Владивосток и обратно _vВып. 4 |
|
| 607 |
_aПа-де-Кале, пролив _xЛоция _91801758 _3RU\NLR\AUTH\66811819 |
||
| 607 |
_aЛа-Манш, пролив _xЛоция _9989142 _3RU\NLR\AUTH\6655388 |
||
| 686 | 1 | _aО471.12,1(922.3) | |
| 702 | 1 |
_4220 _8rus _7ca _aВрангель _bФ. Ф. _f1844-1919 _gФердинанд Фердинандович _3RU\NLR\AUTH\7780896 _963824 |
|
| 702 | 1 |
_aИвановский _bВ. Я. _f1864-1924 _gВиктор Яковлевич _4220 |
|
| 702 | 1 |
_aСвербеев _bД. С. _4220 |
|
| 702 | 1 |
_4220 _7ca _8rus _aКлыков _bМ. А. _f1834-1910 _gМихаил Аввакумович _9129418 _3RU\NLR\AUTH\770129449 |
|
| 852 |
_aNLR _j20.48.5.4 (4) |
||
| 852 |
_aNLR _jМБР-I-3745 (4) |
||
| 942 | _cBOOK | ||
| 980 | _aNB | ||